[Event "ICS rated blitz match"]
[Site "207.99.83.227"]
[Date "1999.03.23"]
[Round "?"]
[White "Hossa"]
[Black "PsychokillerNew"]
[Result "0-1"]
[WhiteElo "2416"]
[BlackElo "2403"]
[Annotator "Crafty v16.6"]
[PlyCount "107"]

{annotating for player Hossa using a scoring margin of +0.10 pawns. search
time limit is 12.00} 1. e4 1... e5 2. Nf3 Nc6 3. Bb5 a6 4. Bxc6 dxc6 5. O-O f6
6. Nc3 ({10:+0.10} 6. Nc3 6... Bg4 7. Qe2 Qd7 8. Nd1 O-O-O 9. Ne3 Bc5 10. Nxg4
Qxg4 11. Qc4 $10) ({10:+0.47} 6. d4 6... Bg4 7. dxe5 Qxd1 8. Rxd1 fxe5 9. Rd3
Bxf3 10. Rxf3 O-O-O 11. Nc3 11... Nf6 $14) 6... Bg4 7. d3 Ne7 8. h3 Be6 9. d4
exd4 10. Nxd4 Bc4 11. Nde2 Ng6 12. b3 Bf7 13. a4 ({8:-0.26} 13. a4 13... Bd6
14. Ba3 c5 15. Nd5 O-O 16. Qd3 16... Re8 $10) ({8:-0.14} 13. Be3 13... Ba3 14.
Qxd8+ Rxd8 15. Na4 O-O 16. Nc5 Bxc5 17. Bxc5 Rfe8 18. Ng3 $10) 13... c5 14.
Qxd8+ ({8:-0.39} 14. Qxd8+ 14... Rxd8 15. Be3 Bd6 16. Rad1 O-O 17. Rd2 Ne5 18.
Rfd1 18... Rfe8 $15) ({8:-0.07} 14. Nf4 14... Qxd1 15. Rxd1 Bd6 16. Nd3 O-O 17.
Ba3 b6 18. Nd5 $10) 14... Rxd8 15. a5 ({9:-0.58} 15. a5 15... Bd6 16. Be3 O-O
17. Rfd1 c4 18. bxc4 Bxc4 19. Rab1 19... Rb8 $15) ({9:-0.39} 15. Be3 15... Bd6
16. Rad1 O-O 17. Nd5 Rfe8 18. Nec3 c6 19. Nb6 $15) 15... Bd6 16. Ba3 O-O 17.
Rad1 Rfe8 18. Rfe1 Ne5 19. Na4 Nc6 20. Bxc5 Rxe4 21. Bxd6 cxd6 22. c4 Nxa5 23.
Nac3 Ree8 24. Nd4 Rxe1+ 25. Rxe1 d5 26. cxd5 Bxd5 27. Nxd5 Rxd5 28. Ra1 Rxd4
29. Rxa5 Rd3 30. Ra3 Kf7 31. h4 Ke6 32. Kf1 Rd4 33. g3 Rd2 34. b4 g6 35. Re3+
Kd6 36. Rb3 Rd4 37. Ke2 Kd5 38. Ke3 Kc4 39. Rb1 Rd3+ 40. Kf4 Kb5 41. Re1 Rd7
42. Re6 Kxb4 43. Rxf6 a5 44. Ke5 b5 45. Ke6 Rc7 46. Rf7 Rxf7 47. Kxf7 a4 48.
Kg7 a3 49. Kxh7 a2 50. Kxg6 a1=Q 51. g4 Kc5 52. g5 b4 53. f4 b3 54. f5 0-1

[Event "ICS rated bullet match"]
[Site "207.99.83.227"]
[Date "1999.03.23"]
[Round "?"]
[White "PsychokillerNew"]
[Black "Hossa"]
[Result "1-0"]
[WhiteElo "2504"]
[BlackElo "2435"]
[Annotator "Crafty v16.6"]
[PlyCount "125"]

{annotating for player Hossa using a scoring margin of +0.10 pawns. search
time limit is 12.00} 1. d4 1... Nf6 2. c4 g6 3. Nc3 Bg7 4. e4 d6 5. Bg5 O-O 6.
Qd2 Nbd7 7. Bd3 e5 8. d5 Nc5 9. Bc2 Bg4 ({8:-0.32} 9... Bg4 10. Nge2 c6 11. f3
Bd7 12. O-O cxd5 13. Nxd5 13... Rc8 $14) ({8:-0.11} 9... c6 10. Nge2 cxd5 11.
cxd5 Bg4 12. O-O Rc8 13. Rac1 13... Qe7 $10) 10. Nge2 Qe7 11. O-O Rae8 ({
7:-0.69} 11... Rae8 12. Rfe1 Bd7 13. b4 Na6 14. Nb5 14... Ra8 $14) ({7:-0.57} 
11... Rfc8 12. f3 Bd7 13. Bh6 Qf8 14. Bxg7 Qxg7 15. Qg5 $14) 12. f3 Bd7 ({
9:-0.82} 12... Bd7 13. b4 Na6 14. a3 b6 15. Bh6 c6 16. Bxg7 Kxg7 17. Rad1 cxd5
18. Nxd5 Nxd5 19. Qxd5 $16) ({9:-0.68} 12... Bc8 13. b4 Ncd7 14. Ba4 Rd8 15.
Bh6 Bxh6 16. Qxh6 Nb6 17. Bb5 $14) 13. Nb5 Bxb5 ({9:-0.76} 13... Bxb5 14. cxb5
Rc8 15. Rad1 Rfd8 16. b4 Ncd7 17. Bh6 Bxh6 18. Qxh6 c6 19. bxc6 19... bxc6 $16)
({9:-0.65} 13... a6 14. Nbc3 a5 15. Nb5 Bxb5 16. cxb5 a4 17. Rac1 Qd7 18. Nc3
$14) 14. cxb5 Rc8 15. Rfc1 Qd8 ({9:-0.84} 15... Qd8 16. b4 Ncd7 17. Bb3 Qe7 18.
a4 a6 19. bxa6 bxa6 20. Bc4 $16) ({9:-0.73} 15... c6 16. bxc6 bxc6 17. Nc3 Qb7
18. Rab1 cxd5 19. b4 Ncd7 20. Nxd5 Nxd5 21. exd5 $16) 16. Be3 Qe8 17. Qb4 Qe7
18. Qa3 Ra8 19. Bd1 b6 20. b4 Nb7 21. Rc2 Ne8 22. Qa6 Nd8 23. Rac1 Qh4 24. Bf2
Qh5 25. Rxc7 Nxc7 26. Rxc7 Qg5 27. Rc2 f5 28. exf5 Rxf5 29. Ng3 Rf7 30. Ne4 Qe7
31. Bxb6 Qb7 32. Be3 Qxa6 33. bxa6 Bf8 34. Rc4 Rb8 35. Ba4 Ra8 36. Be8 Rf5 37.
Bd7 Rf7 38. Rc7 Rb8 39. a3 Rb5 40. Bg5 Be7 41. Bxb5 Bxg5 42. Rc8 Be7 43. Ra8
Bh4 44. Nxd6 Rc7 45. Nb7 Rc1+ 46. Bf1 Bg5 47. Kf2 Rc2+ 48. Kg3 Rd2 49. Nxd8 Be3
50. Nc6+ Kf7 51. Nxe5+ Kg7 52. Bc4 Bf2+ 53. Kh3 Be3 54. d6 h5 55. d7 Bb6 56.
Rxa7 Bxa7 57. Bd3 Bb6 58. a7 Bxa7 59. d8=Q Be3 60. Qe7+ Kh6 61. Qf8+ Kg5 62.
f4+ Bxf4 63. Nf3# 1-0

[Event "ICS rated bullet match"]
[Site "207.99.83.227"]
[Date "1999.03.23"]
[Round "?"]
[White "Hossa"]
[Black "mandamus"]
[Result "0-1"]
[WhiteElo "2434"]
[BlackElo "2618"]
[Annotator "Crafty v16.6"]
[PlyCount "134"]

{annotating for player Hossa using a scoring margin of +0.10 pawns. search
time limit is 12.00} 1. e4 1... e5 2. Nf3 Nc6 3. Bb5 a6 4. Bxc6 dxc6 5. d4 ({
9:-0.31} 5. d4 5... Bg4 6. dxe5 Qxd1+ 7. Kxd1 O-O-O+ 8. Ke1 h6 9. Be3 Bxf3 10.
gxf3 Bb4+ 11. c3 11... Ba5 $15) ({9:-0.17} 5. Nc3 5... Bg4 6. h3 Bxf3 7. Qxf3
Nf6 8. Qf5 Qd4 9. O-O 9... Bc5 $10) 5... exd4 6. Qxd4 Qxd4 7. Nxd4 Bd6 8. O-O
Ne7 9. Bg5 ({9:+0.04} 9. Bg5 9... Be5 10. c3 f6 11. Nf3 Bd6 12. Be3 O-O 13.
Nbd2 $10) ({9:+0.16} 9. Nd2 9... O-O 10. Nc4 Bc5 11. Nb3 Bb4 12. Bd2 Bxd2 13.
Nbxd2 13... Bg4 $10) 9... f6 10. Be3 O-O 11. Nd2 Be5 12. Nc4 Bxd4 13. Bxd4 Be6
14. Ne3 b6 15. e5 Rfd8 16. exf6 Rxd4 17. fxe7 Kf7 18. f4 Kxe7 19. f5 Bd7 20.
Rae1 Kf6 21. Re2 Re8 22. h3 Rde4 23. Rf3 h5 24. Kf2 h4 25. Rd2 R8e7 26. b3 Kg5
27. Ke2 R4e5 28. g4 hxg3 29. Rxg3+ Kf6 30. c4 Bxf5 31. h4 g6 32. Rd8 Re4 33.
Rf8+ Rf7 34. Rh8 Kg7 35. Ra8 Rxh4 36. Nxf5+ Rxf5 37. Rxa6 Rh2+ 38. Ke3 Rc2 39.
Kd3 Rcf2 40. Ke3 Rf7 41. a4 Rb2 42. Ke4 c5 43. Ra8 Re7+ 44. Kd5 Rf2 45. Kc6
Rf6+ 46. Kb7 Rd6 47. a5 bxa5 48. Rxa5 Rb6+ 49. Kc8 Rc6 50. Rg5 Kf6 51. Rgxc5
Rxc5 52. Rxc5 g5 53. Rc6+ Kf5 54. b4 g4 55. Kd8 Rg7 56. Rc5+ Kf4 57. Rd5 g3 58.
Rd1 Ke3 59. b5 g2 60. b6 cxb6 61. c5 bxc5 62. Rg1 Kf2 63. Rc1 g1=Q 64. Rc2+ Kf3
65. Kc8 Qg4+ 66. Kb8 Qf4+ 67. Kc8 Qc7# 0-1

[Event "ICS rated bullet match"]
[Site "207.99.83.227"]
[Date "1999.03.23"]
[Round "?"]
[White "Hossa"]
[Black "PsychokillerNew"]
[Result "0-1"]
[WhiteElo "2426"]
[BlackElo "2617"]
[Annotator "Crafty v16.6"]
[PlyCount "118"]

{annotating for player Hossa using a scoring margin of +0.10 pawns. search
time limit is 12.00} 1. e4 1... c5 2. Bc4 e6 3. Nc3 a6 4. a4 ({9:+0.06} 4. a4
4... Nf6 5. e5 d5 6. exd6 Bxd6 7. Nf3 Nc6 8. O-O 8... O-O $10) ({9:+0.32} 4.
Nf3 4... Nc6 5. d4 b5 6. Be2 b4 7. Na4 cxd4 8. Nxd4 8... Nge7 $14) 4... Ne7 5.
Qe2 ({9:+0.04} 5. Qe2 5... Nbc6 6. Nf3 Nb4 7. Bb3 d6 8. d4 cxd4 9. Nxd4 9...
Bd7 $10) ({9:+0.42} 5. Nf3 5... Nec6 6. O-O Be7 7. d4 cxd4 8. Nxd4 Ne5 9. Qe2
9... O-O $14) 5... Nbc6 6. e5 ({8:-0.60} 6. e5 6... Ng6 7. Nf3 Nf4 8. Qf1 Nb4
9. Bb3 9... Be7 $15) ({8:+0.05} 6. Nf3 6... Nb4 7. Bb3 d6 8. d4 cxd4 9. Nxd4 e5
10. Nf3 $10) 6... Ng6 7. Nf3 Qc7 8. O-O Ngxe5 9. Nxe5 Nxe5 10. Bb3 c4 11. Ba2
d5 12. f4 ({8:-1.28} 12. f4 12... Qc5+ 13. Rf2 Nc6 14. Qe1 f5 15. d3 Nb4 16.
Be3 $17) ({8:-0.64} 12. b3 12... d4 13. Ne4 f5 14. Ng5 Ng4 15. Nf3 15... c3 $15
) 12... Qc5+ 13. Rf2 Nc6 14. d3 cxd3 15. Qxd3 Qa5 16. Be3 Bb4 17. f5 Bxc3 18.
Qxc3 Qxc3 19. bxc3 O-O 20. f6 gxf6 21. Bc5 Re8 22. Re1 Bd7 23. Rxf6 Rac8 24.
Bb3 Na5 25. Bb4 Nc6 26. Bc5 b5 27. axb5 axb5 28. Ref1 Nd8 29. Bd4 e5 30. Rd6
Bc6 31. Bb6 Nb7 32. Rdf6 Re7 33. R1f5 Kg7 34. Be3 Na5 35. Bh6+ Kh8 36. Rxf7
Rxf7 37. Rxf7 Re8 38. Bg5 Kg8 39. Rc7 Nxb3 40. cxb3 Re6 41. g4 Rg6 42. Rc8+ Kf7
43. Rc7+ Kf8 44. Be3 Rxg4+ 45. Kf2 Rg6 46. Rxh7 Ke8 47. Ke2 Bd7 48. h4 Bg4+ 49.
Ke1 Ra6 50. Rg7 Bf3 51. Rb7 Ra5 52. b4 Ra2 53. Bd2 e4 54. Rxb5 e3 55. Bc1 Ra1
56. Rb8+ Kd7 57. Rb7+ Kc6 58. Rb6+ Kxb6 59. h5 Rxc1# 0-1

[Event "ICS rated bullet match"]
[Site "207.99.83.227"]
[Date "1999.03.23"]
[Round "?"]
[White "Tim"]
[Black "Hossa"]
[Result "0-1"]
[WhiteElo "2296"]
[BlackElo "2425"]
[PlyCount "54"]

1. d4 Nf6 2. f3 d5 3. e4 dxe4 4. Nc3 exf3 5. Nxf3 Bg4 6. h3 Bf5 7. Ne5 e6 8. g4
Ne4 9. Bb5+ c6 10. O-O Nxc3 11. bxc3 Bg6 12. Bd3 Nd7 13. Bxg6 Nxe5 14. Be4 Ng6
15. Rb1 Qc7 16. Qf3 Rc8 17. c4 Bd6 18. c5 Bh2+ 19. Kh1 O-O 20. Rb3 f5 21. gxf5
Nh4 22. Qf2 Nxf5 23. Qxh2 Ng3+ 24. Rxg3 Rxf1+ 25. Rg1 Qf7 26. Qg2 Rf8 27. Rxf1
27... Qxf1+ {Tim resigns} 0-1

[Event "ICS rated bullet match"]
[Site "207.99.83.227"]
[Date "1999.03.23"]
[Round "?"]
[White "Hossa"]
[Black "Tim"]
[Result "0-1"]
[WhiteElo "2445"]
[BlackElo "2276"]
[Annotator "Crafty v16.6"]
[PlyCount "58"]

{annotating for player Hossa using a scoring margin of +0.10 pawns. search
time limit is 12.00} 1. e4 1... d5 2. exd5 Nf6 3. Bb5+ ({9:+0.51} 3. Bb5+ 3...
Bd7 4. Bc4 b5 5. Bb3 Na6 6. Nf3 Nc5 7. Nc3 Nxb3 8. axb3 $14) ({9:+0.67} 3. c4
3... c6 4. dxc6 Nxc6 5. Nf3 Nd4 6. Nxd4 Qxd4 7. Be2 Be6 8. Na3 $14) 3... Bd7 4.
Bc4 b5 5. Bb3 Bg4 6. f3 Bc8 7. Qe2 a6 8. c4 b4 9. d4 ({8:+1.15} 9. d4 9... c6
10. dxc6 Nxc6 11. d5 Nd4 12. Ba4+ Bd7 13. Bxd7+ Nxd7 14. Qe4 14... Qb6 $16) ({
8:+1.27} 9. Qe3 9... c6 10. dxc6 Nxc6 11. Ba4 Bd7 12. Ne2 Ne5 13. Bxd7+ Nfxd7
14. d3 $16) 9... c6 10. dxc6 ({9:+1.07} 10. dxc6 10... Qxd4 11. c7 Nbd7 12. Be3
Qe5 13. Nh3 Nc5 14. Bxc5 Qxc5 15. Ba4+ Nd7 16. Bxd7+ 16... Bxd7 $16) ({9:+1.30
} 10. Ba4 10... Bd7 11. dxc6 Nxc6 12. d5 Na5 13. Bxd7+ Nxd7 14. Bf4 Nc5 15. Nd2
15... Rc8 $16) 10... Nxc6 11. d5 Nd4 12. Qe5 ({9:+1.02} 12. Qe5 12... Nxb3 13.
axb3 e6 14. Bf4 Nd7 15. Qd4 Nc5 16. d6 Qh4+ 17. g3 17... Nxb3 $16) ({9:+1.37} 
12. Ba4+ 12... Bd7 13. Bxd7+ Nxd7 14. Qd3 Qb6 15. Ne2 Nxe2 16. Qxe2 Qd4 17. Qe4
Qxe4+ 18. fxe4 Nc5 19. Nd2 $16) 12... Nxb3 13. axb3 e6 14. dxe6 Bxe6 15. Rxa6 (
{9:-0.37} 15. Rxa6 15... Rxa6 16. Qb5+ Nd7 17. Qxa6 Bc5 18. Qc6 O-O 19. Ne2
19... Re8 $15) ({9:+0.74} 15. Ne2 15... Nd7 16. Qd4 Nc5 17. Nd2 Nd3+ 18. Kf1
Qxd4 19. Nxd4 Bc5 20. Nxe6 20... fxe6 $16) 15... Rxa6 16. Qb5+ Bd7 17. Qxa6 Bc5
18. Bg5 O-O 19. Bxf6 Re8+ 20. Ne2 gxf6 21. Nd2 Bf5 22. Qc6 Rxe2+ 23. Kxe2 Qd3+
24. Ke1 Be3 25. Ne4 Bxe4 26. Qc8+ Kg7 27. Qd7 Qxd7 28. fxe4 Qd2+ 29. Kf1 Qd1#
0-1

[Event "ICS rated blitz match"]
[Site "207.99.83.227"]
[Date "1999.03.23"]
[Round "?"]
[White "Helcio"]
[Black "Hossa"]
[Result "1/2-1/2"]
[WhiteElo "2322"]
[BlackElo "2410"]
[PlyCount "194"]

1. d4 Nf6 2. Nf3 e6 3. c4 Be7 4. Nc3 O-O 5. Bg5 d5 6. e3 Nbd7 7. cxd5 Nxd5 8.
Bxe7 Nxe7 9. Bc4 Nb6 10. Bb3 Bd7 11. O-O Ned5 12. Rc1 Nxc3 13. Rxc3 Bb5 14. Re1
Rc8 15. Qd2 Qf6 16. Rec1 c6 17. Ne5 Rcd8 18. Qe1 Nd7 19. Nxd7 Rxd7 20. f4 Rfd8
21. Bd1 Qg6 22. Bc2 Qg4 23. Bd1 Qf5 24. Bc2 Qh5 25. Bd1 Qh6 26. Bf3 Qg6 27. Qd1
Kh8 28. a4 Ba6 29. b4 Kg8 30. Qb3 Rd6 31. R1c2 Qf5 32. Rc1 Kh8 33. Rc5 Qd3 34.
Qxd3 Bxd3 35. R5c3 Bg6 36. Kf2 f5 37. g3 h5 38. h3 Bf7 39. a5 a6 40. Rc5 Kh7
41. R1c3 Rg8 42. h4 Rd7 43. Be2 Rdd8 44. Bc4 Rgf8 45. Re5 Rde8 46. Bb3 g6 47.
Rcc5 Re7 48. Bc4 Rd8 49. Ke1 Kh6 50. Kd2 Rd6 51. Kc3 Red7 52. Be2 Rd8 53. Bf3
R6d7 54. Kb3 Rc8 55. Rc3 Kg7 56. Kc4 Kf6 57. Kc5 Rcd8 58. Kb6 Kg7 59. Rcc5 Kh6
60. Be2 Re7 61. Bd3 Rdd7 62. Bc4 Rd6 63. Bb3 Red7 64. Bc4 Kg7 65. Bb3 Kf6 66.
Bc4 Re7 67. Bb3 Kg7 68. Bc4 Be8 69. Be2 Bf7 70. Bf3 Red7 71. Bg2 Be8 72. Bf1
Kh6 73. Bc4 Bf7 74. Bb3 Kh7 75. Bd1 Re7 76. Be2 Rdd7 77. Bc4 Rd8 78. Be2 Rde8
79. Bf3 Rd8 80. Rc3 Red7 81. Rcc5 Rc8 82. Be2 Rb8 83. Bc4 Re8 84. Bb3 Kh6 85.
Rc3 Kg7 86. Rcc5 Ree7 87. Ba4 Kh7 88. Bd1 Kh6 89. Be2 Bg8 90. Bf1 Re8 91. Bg2
Bf7 92. Bf3 Rb8 93. Bg2 Rc8 94. Bh1 Rcc7 95. Bg2 Kh7 96. Bf1 Kh6 97. Bd3 97...
Rc8 {Game drawn by the 50 move rule} 1/2-1/2

[Event "ICS rated blitz match"]
[Site "207.99.83.227"]
[Date "1999.03.23"]
[Round "?"]
[White "Hossa"]
[Black "Alfilmalo"]
[Result "1-0"]
[WhiteElo "2406"]
[BlackElo "2361"]
[PlyCount "95"]

1. e4 e5 2. Nf3 Nc6 3. Bc4 Nf6 4. Ng5 d5 5. exd5 Na5 6. Bb5+ c6 7. dxc6 bxc6 8.
Qf3 Rb8 9. Bxc6+ Nxc6 10. Qxc6+ Nd7 11. d3 Bb7 12. Qc4 Qf6 13. O-O Be7 14. Qa4
Qg6 15. Ne4 f5 16. Ng3 Bc6 17. Qxa7 O-O 18. c3 Bc5 19. Qa6 Rb6 20. Qc4+ Kh8 21.
Re1 e4 22. d4 Bd6 23. d5 Ba8 24. b3 Ne5 25. Qd4 Rbb8 26. Ba3 Rbd8 27. Bxd6 Qxd6
28. c4 Rde8 29. Nc3 Qg6 30. Re2 h5 31. Kh1 h4 32. Nf1 h3 33. g3 Qg4 34. Nd2 Nf3
35. Qe3 Bb7 36. Nxf3 exf3 37. Qxe8 Rxe8 38. Rxe8+ Kh7 39. Rae1 Qd4 40. R8e3 f4
41. Rxf3 fxg3 42. Rxg3 Qxf2 43. Rxh3+ Kg8 44. Rg1 Bc8 45. Rhg3 Kf8 46. a3 g5
47. Ne4 g4 48. Nxf2 {Alfilmalo resigns} 1-0

[Event "ICS rated bullet match"]
[Site "207.99.83.227"]
[Date "1999.03.23"]
[Round "?"]
[White "Hossa"]
[Black "PsychokillerNew"]
[Result "0-1"]
[WhiteElo "2422"]
[BlackElo "2793"]
[Annotator "Crafty v16.6"]
[PlyCount "138"]

{annotating for player Hossa using a scoring margin of +0.10 pawns. search
time limit is 12.00} 1. e4 1... c5 2. Bc4 e6 3. Nc3 a6 4. a4 ({9:+0.06} 4. a4
4... Nf6 5. e5 d5 6. exd6 Bxd6 7. Nf3 Nc6 8. O-O 8... O-O $10) ({9:+0.32} 4.
Nf3 4... Nc6 5. d4 b5 6. Be2 b4 7. Na4 cxd4 8. Nxd4 8... Nge7 $14) 4... Ne7 5.
Nf3 d5 6. exd5 exd5 7. Ba2 Nbc6 8. O-O Bg4 9. Re1 Nb4 10. Bb1 Nbc6 11. h3 Bh5
12. g4 ({7:+0.62} 12. g4 12... Bg6 13. d4 c4 14. Bg5 f6 15. Bf4 $14) ({7:+0.75
} 12. d3 12... Nd4 13. g4 Bg6 14. Bf4 Rc8 15. Nxd4 15... cxd4 $16) 12... Bg6
13. d4 cxd4 14. Nxd4 Qd6 15. Be3 ({8:+0.61} 15. Be3 15... h5 16. g5 Nxd4 17.
Bxd4 f6 18. Qf3 O-O-O 19. gxf6 $14) ({8:+0.87} 15. Ba2 15... O-O-O 16. Bb3 h5
17. g5 Nb4 18. Be3 18... Re8 $16) 15... Na5 16. Qf3 Qb4 17. Ra2 Nc4 18. Bc1 Rd8
19. Qd1 Rd7 20. Kh1 Nd6 21. Nxd5 Be4+ 22. Rxe4 Nxe4 23. Nxb4 Nxf2+ 24. Kg1 Nxd1
25. c3 a5 26. Nd3 Nd5 27. Bd2 N1e3 28. Ne5 Re7 29. Bxe3 Rxe5 30. Bd2 Bc5 31.
Kf2 O-O 32. Kf3 Rfe8 33. Bf5 f6 34. Bd7 R8e7 35. Bf5 Kh8 36. Ra1 Kg8 37. Ra2 h6
38. Bg6 Rd7 39. Bf5 Rde7 40. Bg6 Rd7 41. Bf5 Rd6 42. Nb5 Rd8 43. Be4 Re7 44. b3
Kf8 45. c4 Nb4 46. Rb2 Nd3 47. Bxa5 b6 48. Bc3 Nxb2 49. Bxb2 Rd2 50. Ba3 Bxa3
51. Nxa3 Rb2 52. Bc2 Ra2 53. c5 bxc5 54. Be4 Rxa3 55. Bd5 Re5 56. Bc4 g5 57.
Kf2 Ra2+ 58. Kf3 Rb2 59. a5 Ke7 60. a6 Kd6 61. h4 gxh4 62. b4 h3 63. bxc5+ Rxc5
64. Bf1 h2 65. Bg2 Rc3+ 66. Kf4 Rxg2 67. a7 Rf2+ 68. Ke4 Kc5 69. g5 h1=Q# 0-1

[Event "ICS rated bullet match"]
[Site "207.99.83.227"]
[Date "1999.03.23"]
[Round "?"]
[White "sienna"]
[Black "Hossa"]
[Result "1/2-1/2"]
[WhiteElo "2741"]
[BlackElo "2419"]
[PlyCount "135"]

1. e4 c5 2. Nf3 Nc6 3. d4 cxd4 4. Nxd4 Qb6 5. Nb3 Nf6 6. Nc3 e6 7. Bd3 Bb4 8.
O-O Bxc3 9. bxc3 Qd8 10. Re1 d6 11. Ba3 a6 12. Bf1 d5 13. exd5 Qxd5 14. Qe2 Qg5
15. Bd6 Nd5 16. Qc4 Nde7 17. Nd4 b5 18. Qd3 Bd7 19. Nxc6 Bxc6 20. Re5 Qf6 21.
Qd4 Nf5 22. Qc5 Rc8 23. Rd1 Nxd6 24. Qxd6 Qe7 25. Qb4 Qxb4 26. cxb4 Bb7 27. Bd3
Ke7 28. Rg5 g6 29. f4 Bd5 30. Kf2 f6 31. Rg4 g5 32. fxg5 fxg5 33. Rxg5 Rcf8+
34. Ke3 h6 35. Rg7+ Rf7 36. Rxf7+ Kxf7 37. a4 Rb8 38. axb5 axb5 39. Kd4 Bc6 40.
Rd2 Kg7 41. Ke5 Bd5 42. Kd6 Bc4 43. Kc7 Rf8 44. Bxc4 bxc4 45. Rd7+ Kf6 46. b5
e5 47. b6 e4 48. b7 e3 49. Rd1 Rf7+ 50. Kc6 e2 51. Re1 Rf8 52. Rxe2 Kg6 53. Re4
Rb8 54. Rxc4 Kg7 55. Kb6 Rxb7+ 56. Kxb7 Kg6 57. Rc6+ Kg7 58. Rxh6 Kxh6 59. c4
Kg5 60. c5 Kf6 61. c6 Ke6 62. g4 Kd5 63. c7 Kd6 64. c8=Q Ke5 65. Qe6+ Kd4 66.
Qe5+ Kd3 67. h4 Kc4 68. Qe4+ {
sienna ran out of time and Hossa has no material to mate} 1/2-1/2

[Event "ICS rated bullet match"]
[Site "207.99.83.227"]
[Date "1999.03.23"]
[Round "?"]
[White "Hossa"]
[Black "sienna"]
[Result "0-1"]
[WhiteElo "2431"]
[BlackElo "2729"]
[Annotator "Crafty v16.6"]
[PlyCount "74"]

{annotating for player Hossa using a scoring margin of +0.10 pawns. search
time limit is 12.00} 1. e4 1... e5 2. Nf3 Nc6 3. Bc4 ({8:-0.12} 3. Bc4 3... Bb4
4. O-O Nf6 5. d4 Nxe4 6. Nxe5 6... O-O $10) ({8:-0.01} 3. Bb5 3... Bc5 4. Nc3
Nge7 5. Na4 Bb4 6. Bxc6 Nxc6 7. O-O $10) 3... Bc5 4. c3 ({8:-0.27} 4. c3 4...
Nf6 5. d4 exd4 6. e5 Ne4 7. cxd4 7... Na5 $10) ({8:+0.02} 4. d4 4... exd4 5.
Ng5 d5 6. Bxd5 Nh6 7. O-O 7... O-O $10) 4... Nf6 5. d4 exd4 6. e5 d5 7. Bb5 ({
8:-0.27} 7. Bb5 7... Ne4 8. cxd4 Be7 9. O-O O-O 10. Nc3 Bf5 11. Nxe4 Bxe4 12.
Bxc6 12... bxc6 $10) ({8:-0.05} 7. exf6 7... dxc4 8. fxg7 Rg8 9. cxd4 Nxd4 10.
O-O Rxg7 11. Re1+ Kf8 12. Ne5 $10) 7... Ne4 8. cxd4 Bb6 9. Bxc6+ bxc6 10. O-O
O-O 11. Nc3 Bf5 12. Qb3 ({9:-0.57} 12. Qb3 12... Rb8 13. Qd1 Nxc3 14. bxc3 Qd7
15. Bg5 Rfe8 16. Qd2 16... Qe6 $15) ({9:-0.23} 12. Na4 12... Bg4 13. Be3 Qe7
14. Rc1 Qe6 15. Nc3 Nxc3 16. Rxc3 16... Rae8 $10) 12... Bg4 13. Be3 ({9:-0.81} 
13. Be3 13... Bxf3 14. gxf3 Ng5 15. Qd1 Nh3+ 16. Kh1 Qh4 17. Qd3 Nf4 18. Qf5
$17) ({9:-0.27} 13. Nxe4 13... dxe4 14. Ng5 h6 15. Nxe4 Qxd4 16. Qc2 Qxe5 17.
Qxc6 17... Rad8 $10) 13... Bxf3 14. gxf3 Ng5 15. Qd1 Nh3+ 16. Kh1 Qh4 17. a4
Ba5 18. Rc1 Rab8 19. b3 Rb6 20. Na2 f5 21. Rc5 f4 22. Bd2 Bxd2 23. Qxd2 Rxb3
24. Rc3 Rxc3 25. Qxc3 Qh5 26. Nb4 Ng5 27. Nxc6 Nxf3 28. Qxf3 Qxf3+ 29. Kg1 Qg4+
30. Kh1 Qe2 31. Kg1 Re8 32. Rc1 Re6 33. Ne7+ Rxe7 34. Rb1 Re6 35. Rb8+ Kf7 36.
Rc8 Rg6+ 37. Kh1 Qd1# 0-1

[Event "ICS rated bullet match"]
[Site "207.99.83.227"]
[Date "1999.03.23"]
[Round "?"]
[White "PsychokillerNew"]
[Black "Hossa"]
[Result "1-0"]
[WhiteElo "2677"]
[BlackElo "2426"]
[Annotator "Crafty v16.6"]
[PlyCount "217"]

{annotating for player Hossa using a scoring margin of +0.10 pawns. search
time limit is 12.00} 1. d4 1... Nf6 2. c4 g6 3. Nc3 Bg7 4. e4 d6 5. f4 O-O 6.
Nf3 Bg4 7. Be3 Nc6 8. d5 Nb4 9. Qb3 c5 10. a3 Qa5 11. O-O-O Na6 12. Qxb7 Bd7 ({
8:-0.23} 12... Bd7 13. Qb3 Ng4 14. Nb5 Bxb5 15. cxb5 Nc7 16. Bd2 16... Qb6 $10)
({8:+3.15} 12... Rfb8 13. Qxe7 Rxb2 14. Nb5 Rxb5 15. Rd3 Rb6 16. e5 Re8 17.
exf6 Rxe7 18. fxe7 $19) 13. Qb3 Ng4 14. Nb5 Nxe3 ({8:-0.19} 14... Nxe3 15. Qxe3
Nc7 16. Nc3 Rab8 17. e5 Qb6 18. Rd2 18... Bf5 $10) ({8:-0.07} 14... Nc7 15.
Nxc7 Qxc7 16. Qd3 Rab8 17. b3 Qb7 18. Nd2 Nxe3 19. Qxe3 $10) 15. Qxe3 Bxb5 16.
cxb5 Nc7 17. Qd2 Qa4 18. Qc2 Qxc2+ 19. Kxc2 Rfb8 20. Rb1 Nxb5 21. Bxb5 Rxb5 22.
Rhc1 c4 23. Rd1 h5 24. Nd4 Bxd4 25. Rxd4 Rc8 26. Ra1 a5 27. Rc1 Rb3 28. Rb1 a4
29. f5 gxf5 30. exf5 Rc5 31. Re4 Kf8 32. Rd4 Kg7 33. Rf4 Kf6 34. Rh4 Kg5 35. g3
Rd3 36. Re1 Rdxd5 37. Rxe7 Rxf5 38. Kc3 Kf6 39. Re2 Rc7 40. Rxc4 Rf3+ 41. Kd4
Rxc4+ 42. Kxc4 Rb3 43. Kd5 Rd3+ 44. Kc6 d5 45. Kd6 Kg6 46. Rf2 f5 47. Ke6 d4
48. Kd5 Rb3 49. Kxd4 Kf6 50. Kc5 Ke6 51. Re2+ Kf6 52. Rf2 Ke6 53. Re2+ Kf6 54.
Rd2 Kg7 55. Kd4 Kf6 56. Rf2 Rb5 57. Kc4 Rb3 58. Kd5 Kg6 59. Kd4 Kf6 60. Kd5 Kg6
61. Rd2 Rb5+ 62. Kc4 Rb3 63. Rf2 Kf6 64. Kd4 Rb5 65. Kd3 Ke5 66. Re2+ Kd5 67.
Ke3 Ke5 68. Kf3+ Kd5 69. Kf4 Kd4 70. h4 Kc4 71. Kg5 Kd3 72. Rf2 f4+ 73. Kxf4
Rd5 74. Rg2 Rd4+ 75. Kg5 Rd5+ 76. Kg6 Ke3 77. Rc2 Rb5 78. Rc4 Ra5 79. g4 hxg4
80. Rxg4 Ra6+ 81. Kf5 Ra5+ 82. Ke6 Kf3 83. Rc4 Ra6+ 84. Kd5 Ra5+ 85. Kd4 Kg4
86. Kc3+ Kh5 87. Kb4 Ra7 88. Kc3 Ra5 89. Kd3 Ra6 90. Rd4 Ra5 91. Kc4 Kg6 92.
Rf4 Kh5 93. Re4 Ra7 94. Kc5 Ra5+ 95. Kb6 Ra8 96. Kb7 Ra5 97. Kc6 Ra7 98. Rc4
Ra5 99. Kb6 Ra8 100. Kb7 Ra5 101. Kb6 Ra8 102. Kb7 Ra5 103. Kc6 Kh6 104. Rc5
Ra6+ 105. Kb5 Ra7 106. Kb4 Kh7 107. Rc6 Kh8 108. h5 Kh7 109. Rb6 1-0

[Event "ICS rated bullet match"]
[Site "207.99.83.227"]
[Date "1999.03.23"]
[Round "?"]
[White "sienna"]
[Black "Hossa"]
[Result "1-0"]
[WhiteElo "2734"]
[BlackElo "2420"]
[Annotator "Crafty v16.6"]
[PlyCount "99"]

{annotating for player Hossa using a scoring margin of +0.10 pawns. search
time limit is 12.00} 1. e4 1... c5 2. Nf3 Nc6 3. d4 cxd4 4. Nxd4 Qb6 5. Nb3 Nf6
6. Nc3 e6 7. Be3 Qd8 8. a3 d5 ({8:-0.30} 8... d5 9. Bb5 Be7 10. exd5 exd5 11.
Nd4 Qd6 12. Nxc6 bxc6 13. Bd3 $10) ({8:-0.17} 8... Be7 9. Bb5 O-O 10. O-O Qc7
11. Qf3 Qe5 12. Rad1 $10) 9. Bb5 Nxe4 ({7:-0.63} 9... Nxe4 10. Nxe4 dxe4 11.
Qxd8+ Kxd8 12. Nd2 a6 13. Bxc6 bxc6 14. Bb6+ Ke8 15. Nxe4 $14) ({7:-0.35} 9...
Be7 10. exd5 exd5 11. Nd4 Qd6 12. O-O O-O 13. Re1 $14) 10. Nxe4 dxe4 11. Qxd8+
Kxd8 12. O-O Kc7 ({8:-0.28} 12... Kc7 13. Nd2 f5 14. Nc4 Bd7 15. Bf4+ Kd8 16.
Rad1 16... Bc5 $10) ({8:-0.09} 12... Bd7 13. Rad1 Ke8 14. Nd2 f5 15. Rfe1 Ne5
16. Bxd7+ Nxd7 17. Nc4 $10) 13. Bf4+ Bd6 14. Bxd6+ Kxd6 15. Rfe1 f5 16. Re3 Kc7
17. Rc3 Bd7 18. Nc5 e5 19. Rd1 Rad8 20. Nxb7 Kxb7 21. Rxd7+ Rxd7 22. Bxc6+ Kc7
23. Bxd7+ Kxd7 24. Rb3 Kc6 25. Kf1 Rd8 26. Ke2 Rd4 27. Rh3 h6 28. Rh5 e3 29.
fxe3 Rg4 30. g3 Rg5 31. Rxg5 hxg5 32. b3 Kc5 33. h4 f4 34. hxg5 fxe3 35. Kxe3
Kd5 36. c4+ Ke6 37. Ke4 Kd6 38. b4 Ke6 39. c5 Kf7 40. Kxe5 Ke7 41. c6 a6 42. g6
Kd8 43. Kd6 Kc8 44. c7 a5 45. bxa5 Kb7 46. a6+ Kxa6 47. c8=Q+ Kb5 48. Qc6+ Ka5
49. Qb7 Ka4 50. Qb4# 1-0

[Event "ICS rated blitz match"]
[Site "207.99.83.227"]
[Date "1999.03.23"]
[Round "?"]
[White "Hossa"]
[Black "crud2"]
[Result "1-0"]
[WhiteElo "2409"]
[BlackElo "2211"]
[PlyCount "35"]

1. e4 c5 2. Bc4 Nc6 3. Nf3 e6 4. O-O Nge7 5. Re1 d5 6. exd5 exd5 7. Be2 g6 8.
d4 cxd4 9. Bb5 Bg7 10. Nxd4 O-O 11. Bg5 f6 12. Be3 a6 13. Nxc6 bxc6 14. Bc5
axb5 15. Bxe7 Qc7 16. Bxf8 Bxf8 17. Nc3 Bd7 18. Nxd5 {crud2 resigns} 1-0